Statistiques concernant Évènement sportif par année #3

Cliquez ici pour prendre le quiz!

Statistiques générales

  • Ce quiz a été pris 110 fois
  • Le résultat moyen est 6 sur 15

Statistiques - réponses

HintRéponse% Correct
Roger Federer remporte son unique Roland-Garros2009
77%
Maracanazo: l'Uruguay bat le Brésil à domicile lors de la Coupe du Monde dans un match qui devient une catastrophe nationale pour les brésiliens1950
74%
Jesse Owens obtient 4 médailles d'or aux JO de Berlin1936
73%
La FIFA est créée1904
59%
Le Marquis de Queensbury rédige les règles de la Boxe anglaise1865
53%
Les Raptors de Toronto deviennent la première franchise non-américaine à remporter le titre NBA2019
49%
Eddy Merckx remporte son premier Tour de France1969
39%
Mohamed Ali affronte Antonio Inoki, combat précurseur du MMA1976
37%
Ilie Năstase devient le premier joueur de tennis n°1 du classement ATP1973
33%
L'Arabie saoudite organise le Paris-Dakar pour la première fois2020
33%
Au Mans survient le pire accident de l'Histoire du sport automobile1955
32%
"Malice at the Palace": une bagarre éclate entre des joueurs et des membres du public pendant un Pistons vs Pacers2004
27%
Un accident d'avion décime l'équipe du Manchester United1957
25%
Akebono devient le premier rikishi non-japonais à accéder au rang de Yokozuna1993
20%
Un séisme survient en direct pendant l'avant-match de la troisième rencontre des World Series entre les Athletics d'Oakland et les Giants de San Francisco1989
15%

Distribution des résultats

Percentile par nombre de réponses

% des personnes avec chaque résultat

Votre développement - résultats

Vous n’avez pas pris ce quiz